| 000 | 00757nam a2200229 a 4500 | ||
|---|---|---|---|
| 005 | 20240920064454.0 | ||
| 008 | 010921s2000 r 000 0 eng d | ||
| 020 | _a8495114208 | ||
| 035 | _aUPN01000111821 | ||
| 049 | _aCG | ||
| 050 | 4 |
_aLB3031 _bG3.3 |
|
| 100 | 1 | _aGarijo Rueda, José Luis | |
| 245 | 1 | 0 |
_aFicheros de juegos alternativos para primaria / _cJosé Luis Garijo Rueda, Ma. Dolores Serrano Diana, Ma. Cruz López Fajardo. |
| 260 |
_aBarcelona, Esp. : _bINDE, _c2000. |
||
| 300 |
_a[154] p. : _bil. |
||
| 650 | 2 |
_aJuegos escolares _97004 |
|
| 650 | 4 |
_aJuegos infantiles _96445 |
|
| 650 | 4 |
_aEducación física _912884 |
|
| 700 | 1 |
_aSerrano Diana, María Dolores, _ecoaut. |
|
| 700 | 1 |
_aLópez Fajardo, María Cruz _ecoaut. |
|
| 905 | _aLibro | ||
| 999 |
_c85729 _d85729 |
||